SCPs in SCP RBreach (Redux) - Statistics

General Stats
  • This quiz has been taken 46 times
    11 since last reset
  • The average score is 20 of 38
Answer Stats
Answer % Correct
SCP-049
100%
SCP-173
100%
SCP-096
90%
SCP-106
90%
SCP-049-2
80%
SCP-076-2
80%
SCP-1048
80%
SCP-966
80%
SCP-035
70%
SCP-1048-2
70%
SCP-207
70%
SCP-280
70%
SCP-457
70%
SCP-009
60%
SCP-012
50%
SCP-018
50%
SCP-034
50%
SCP-1025
50%
SCP-148
50%
SCP-513
50%
SCP-1079
40%
SCP-178
40%
SCP-198
40%
SCP-205-1
40%
SCP-205-2
40%
SCP-215
40%
SCP-2176
40%
SCP-330
40%
SCP-714
40%
SCP-860
40%
SCP-1123
30%
SCP-156
30%
SCP-383
30%
SCP-463
30%
SCP-914
30%
SCP-076-1
20%
SCP-168
20%
SCP-1162-ARC
10%
No matching quizzes found
Score Distribution
Percent of People with Each Score
Percentile by Number Answered
Your Score History
You have not taken this quiz since the last reset